|
|
|
|
| LEADER |
00000nam0a2200000 4500 |
| 001 |
27107 |
| 005 |
20231030202021.0 |
| 010 |
|
|
|a 5811403631
|
| 035 |
|
|
|a (RuTPU)RU\TPU\book\27355
|
| 035 |
|
|
|a BOOK00027430
|
| 090 |
|
|
|a 27107
|
| 100 |
|
|
|a 20011209d2001 m y0rusy50 ca
|
| 101 |
0 |
|
|a rus
|
| 102 |
|
|
|a RU
|
| 105 |
|
|
|a y j 000zy
|
| 200 |
1 |
|
|a Экономика и организация управления вузом
|e учебник
|f Ю. С. Васильев, В. В. Глухов, М. П. Федоров
|g Санкт-Петербургский государственный технический университет
|
| 205 |
|
|
|a 2-е изд. испр. и доп.
|
| 210 |
|
|
|a СПб.
|c Лань
|d 2001
|
| 215 |
|
|
|a 544 с.
|
| 225 |
1 |
|
|a Учебники для вузов. Специальная литература
|
| 606 |
1 |
|
|a Высшие учебные заведения
|x Управление
|2 stltpush
|3 (RuTPU)RU\TPU\subj\4008
|
| 610 |
1 |
|
|a образование
|
| 610 |
1 |
|
|a высшее образование
|
| 610 |
1 |
|
|a вузы
|
| 610 |
1 |
|
|a экономика
|
| 610 |
1 |
|
|a управление
|
| 610 |
1 |
|
|a структурные подразделения
|
| 610 |
1 |
|
|a право
|
| 610 |
1 |
|
|a оценка деятельности
|
| 610 |
1 |
|
|a бюджет
|
| 610 |
1 |
|
|a финансовое управление
|
| 610 |
1 |
|
|a социальная работа
|
| 610 |
1 |
|
|a персонал
|
| 610 |
1 |
|
|a качество
|
| 610 |
1 |
|
|a обучение
|
| 610 |
1 |
|
|a учебники
|
| 610 |
1 |
|
|a технологии
|
| 686 |
|
|
|a Ч484(2)кя73
|v LBC/SL-A
|2 rubbk
|
| 700 |
|
1 |
|a Васильев
|b Ю. С.
|g Юрий Сергеевич
|
| 701 |
|
1 |
|a Глухов
|b В. В.
|g Владимир Викторович
|
| 701 |
|
1 |
|a Федоров
|b М. П.
|g Михаил Павлович
|
| 712 |
0 |
2 |
|a Санкт-Петербургский государственный технический университет
|2 stltpush
|3 (RuTPU)RU\TPU\col\178
|
| 801 |
|
0 |
|a RU
|b 63413507
|c 20011209
|g PSBO
|
| 801 |
|
2 |
|a RU
|b 63413507
|c 20141003
|g PSBO
|
| 942 |
|
|
|c BK
|